Día de dolores, viernes último de cada mes, que para recuerdo de la pasión de nuestro redentor, compuso un religioso ...

Detalles Bibliográficos
Formato: Libro
Publicado: Zacatecas 1869
Materias:
Colección:Banco de datos
Acervo:Biblioteca del Ex Convento de Nuestra Señora de Guadalupe. Zacatecas
Tema general:Ascética
Notas:Buena. XIV,2,21 (4717). Encuadernado con seis obras más
LEADER 00734nam a22001810004500
035 |a 46105 
036 |a 7289 
245 1 0 |a Día de dolores, viernes último de cada mes, que para recuerdo de la pasión de nuestro redentor, compuso un religioso ... 
260 |a Zacatecas  |b imp. M.R. Esparza  |c 1869 
500 |a Buena. XIV,2,21 (4717). Encuadernado con seis obras más 
650 1 0 |a Ascética 
949 |a CRZ-CG 
959 |a Ex convento de Nuestra Señora de Guadalupe, Museo Regional de Zacatecas, Zacatecas  |b CCC4 
960 |a Convento de Nuestra Señora de Guadalupe, Zacatecas  |b DD87 
961 |a Franciscana  |b OF 
942 |c CRZ-CG 
943 |g Biblioteca del Ex Convento de Nuestra Señora de Guadalupe. Zacatecas 
999 |c 970232  |d 970232